Quản lý đổi mới và phát triển sản phẩm mới

Tài liệu giới thiệu về các khái niệm về quản lý đổi mới, triển khai sản phẩm mới, quản lý công nghệ ...

Guardado en:
Detalles Bibliográficos
Formato: Libro
Lenguaje:Undetermined
Publicado: Hà Nội Khoa học và Kỹ thuật 2001
Materias:
Etiquetas: Agregar Etiqueta
Sin Etiquetas, Sea el primero en etiquetar este registro!
Thư viện lưu trữ: Trung tâm Học liệu Trường Đại học Cần Thơ
LEADER 00869nam a2200217Ia 4500
001 CTU_144924
008 210402s9999 xx 000 0 und d
020 |c 25000 
082 |a 658.56 
082 |b Qu105 
245 0 |a Quản lý đổi mới và phát triển sản phẩm mới 
245 0 |c Vũ Quế Hương (Biên soạn) 
260 |a Hà Nội 
260 |b Khoa học và Kỹ thuật 
260 |c 2001 
520 |a Tài liệu giới thiệu về các khái niệm về quản lý đổi mới, triển khai sản phẩm mới, quản lý công nghệ ... 
526 |a Phát triển sản phẩm mới,Phát triển sản phẩm mới 
526 |b SP469,NS336 
650 |a Quality control 
904 |i Úy Chị, pha 
980 |a Trung tâm Học liệu Trường Đại học Cần Thơ